Unit operations of chemical engineering (Record no. 3799)

000 -LEADER
fixed length control field 00652nam a2200241 a 4500
001 - CONTROL NUMBER
control field 3799
003 - CONTROL NUMBER IDENTIFIER
control field BD-DhUET
008 - FIXED-LENGTH DATA ELEMENTS--GENERAL INFORMATION
fixed length control field 850523s1985 nyua b 001 0 eng
020 ## - INTERNATIONAL STANDARD BOOK NUMBER
International Standard Book Number 0070448280
040 ## - CATALOGING SOURCE
Modifying agency BD-DhUET
Transcribing agency 0
082 0# - DEWEY DECIMAL CLASSIFICATION NUMBER
Classification number 660.2842
Item number MCC/1985
100 1# - MAIN ENTRY--PERSONAL NAME
Personal name McCabe, Warren L.
245 10 - TITLE STATEMENT
Title Unit operations of chemical engineering
250 ## - EDITION STATEMENT
Edition statement 4th ed.
260 ## - PUBLICATION, DISTRIBUTION, ETC. (IMPRINT)
Place of publication, distribution, etc. New York
Name of publisher, distributor, etc. McGraw-Hill
Date of publication, distribution, etc. 1985
300 ## - PHYSICAL DESCRIPTION
Extent x, 960 p.
Other physical details ill.
Dimensions 25 cm.
490 1# - SERIES STATEMENT
Series statement McGraw-Hill chemical engineering series
504 ## - BIBLIOGRAPHY, ETC. NOTE
Bibliography, etc Includes bibliographies
650 #0 - SUBJECT ADDED ENTRY--TOPICAL TERM
Topical term or geographic name as entry element Chemical Processer
700 1# - ADDED ENTRY--PERSONAL NAME
Personal name Smith, Julian C.
700 1# - ADDED ENTRY--PERSONAL NAME
Personal name Harriott, Peter.
942 ## - ADDED ENTRY ELEMENTS (KOHA)
Koha item type General Book
Holdings
Price effective from Koha issues (times borrowed) Koha date last seen Withdrawn status Location (home branch) Not for loan Date acquired Lost status Source of classification or shelving scheme Damaged status Sublocation or collection (holding branch) Koha date last borrowed Copy number Koha normalized classification for sorting Koha item type Koha full call number Shelving location Piece designation (barcode)
2014-11-05 2016-10-23 Central Library, BUET 2014-11-05   Central Library, BUET 1660_000000000000000_2842MCC198General Book660.2842/MCC/1985Circulation section72739
2014-11-05 2014-11-05 Central Library, BUET 2014-11-05   Central Library, BUET 2660_000000000000000_2842MCC198General Book660.2842/MCC/1985Circulation section77549
2014-11-0522018-12-04 Central Library, BUET 2014-11-05   Central Library, BUET2018-11-143660_000000000000000_2842MCC198General Book660.2842/MCC/1985Circulation section77550
2015-07-01 2015-07-01 Central Library, BUET 2015-07-01   Central Library, BUET 4660_284200000000000_MCC_1985Reading Item660.2842/MCC/1985Reading section68731
2024-11-25 2024-11-25 Central Library, BUET 1989-06-27   Central Library, BUET ৪/ক-১660_284200000000000_MCC_1985Rental Item660.2842 MCC/1985Rental section73910
2024-11-25 2024-11-25 Central Library, BUET 1989-06-27   Central Library, BUET ৪/ক-২660_284200000000000_MCC_1985Rental Item660.2842 MCC/1985Rental section73911
2024-11-25 2024-11-25 Central Library, BUET 1989-06-27   Central Library, BUET ৪/ক-৩660_284200000000000_MCC_1985Rental Item660.2842 MCC/1985Rental section73912
2024-11-25 2024-11-25 Central Library, BUET 1989-06-27   Central Library, BUET ৪/ক-৪660_284200000000000_MCC_1985Rental Item660.2842 MCC/1985Rental section73913
2024-11-25 2024-11-25 Central Library, BUET 1989-06-27   Central Library, BUET ৪/ক-৫660_284200000000000_MCC_1985Rental Item660.2842 MCC/1985Rental section73914
2024-11-25 2024-11-25 Central Library, BUET 1989-06-27   Central Library, BUET ৪/ক-৬660_284200000000000_MCC_1985Rental Item660.2842 MCC/1985Rental section73915
2024-11-25 2024-11-25 Central Library, BUET 1989-06-27   Central Library, BUET ৪/ক-৭660_284200000000000_MCC_1985Rental Item660.2842 MCC/1985Rental section73916
2024-11-25 2024-11-25 Central Library, BUET 1989-06-27   Central Library, BUET ৪/ক-৮660_284200000000000_MCC_1985Rental Item660.2842 MCC/1985Rental section73917
2024-11-25 2024-11-25 Central Library, BUET 1989-06-27   Central Library, BUET ৪/ক-৯660_284200000000000_MCC_1985Rental Item660.2842 MCC/1985Rental section73918
2024-11-25 2024-11-25 Central Library, BUET 1989-06-27   Central Library, BUET ৪/ক-১০660_284200000000000_MCC_1985Rental Item660.2842 MCC/1985Rental section73919
2024-11-25 2024-11-25 Central Library, BUET 1989-06-27   Central Library, BUET ৪/ক-২৫660_284200000000000_MCC_1985Rental Item660.2842 MCC/1985Rental section73934
2024-11-25 2024-11-25 Central Library, BUET 1989-06-27   Central Library, BUET ৪/ক-২৬660_284200000000000_MCC_1985Rental Item660.2842 MCC/1985Rental section73935